| 000 | 01106cam a2200361I 4500 | ||
|---|---|---|---|
| 001 | 15469 | ||
| 003 | BD-RjUL | ||
| 005 | 20211208235825.0 | ||
| 008 | 720927s1968 ilua b 000 0 eng | ||
| 035 | _aMITb10481031 | ||
| 035 | _a(OCoLC)00418579 | ||
| 035 | _a(BD-RjUL)15523 | ||
| 040 |
_aDLC _cCCL _dSER _dBD-RjUL _beng |
||
| 041 | _aeng | ||
| 082 |
_a658.8 _bPHM 1968 |
||
| 090 |
_aHF5415.13 _b.P538 1968 |
||
| 099 | _aHF5415.13.P538 1968 | ||
| 100 | 1 |
_aPhelps, Dudley Maynard. _948050 |
|
| 245 | 1 | 0 |
_aMarketing management / _cby D. Maynard Phelps. |
| 250 | _a3d ed. | ||
| 260 |
_aHomewood, Ill., _bR.D. Irwin, _c1968. |
||
| 300 |
_axv, 925 p. : _billus. ; _c24 cm. |
||
| 500 | _aFirst ed. published in 1951 under title: Sales management: policies and procedures. | ||
| 504 | _aIncludes bibliographies. | ||
| 650 | 0 |
_aMarketing _xManagement. _948051 |
|
| 650 | 0 |
_aSales management. _948009 |
|
| 650 | 0 |
_aMarketing. _948052 |
|
| 700 | 1 |
_aWesting, J. Howard _q(John Howard), _d1911- _9234194 |
|
| 942 |
_2ddc _cBK |
||
| 949 | _aMYGD | ||
| 999 |
_c15469 _d15469 |
||